Sobre glándules de secreció interna (Record no. 63746)

MARC details
000 -LEADER
campo de control de longitud fija 00890nam a2200193 i 4500
001 - NÚMERO DE CONTROL
campo de control 63746
003 - IDENTIFICADOR DE NÚMERO DE CONTROL
campo de control ES-MaACL
005 - FECHA Y HORA DE LA ÚLTIMA TRANSACCIÓN
campo de control 20230906164946.0
007 - CAMPO FIJO DE DESCRIPCIÓN FÍSICA--INFORMACIÓN GENERAL
campo de control de longitud fija t|
008 - DATOS DE LONGITUD FIJA--INFORMACIÓN GENERAL
campo de control de longitud fija 031216q1912 sp ||||1| cat d
100 1# - ENTRADA PRINCIPAL--NOMBRE DE PERSONA
Nombre de persona Figa y Oliu, Joseph.
9 (RLIN) 50733
245 10 - MENCIÓN DEL TÍTULO
Título Sobre glándules de secreció interna
Resto del título : funcións endocrines tiroparatiroidianes ; aplicació actual a la práctica médica /
Mención de responsabilidad, etc. per Joseph Figa y Oliu.
260 ## - PUBLICACIÓN, DISTRIBUCIÓN, ETC.
Lugar de publicación, distribución, etc. Girona :
Nombre del editor, distribuidor, etc. [s.n.],
Fecha de publicación, distribución, etc. 1912 (
Fabricante Est. tip. de Dolores Torres)
300 ## - DESCRIPCIÓN FÍSICA
Extensión 54 p. ;
Dimensiones 25 cm.
500 ## - NOTA GENERAL
Nota general En la port.: Memoria reglamentaria, llegida en la XV Assamblea del Col.legi de Metges de la Provincia de Girona, celebrada a Perelada el Dia 2 de septembre de 1912.
710 2# - ENTRADA AGREGADA--NOMBRE DE ENTIDAD CORPORATIVA
Nombre de entidad corporativa o nombre de jurisdicción como elemento de entrada Colegio de Médicos de Gerona.
9 (RLIN) 2908
711 2# - ENTRADA AGREGADA--NOMBRE DE REUNIÓN
Nombre de congreso/reunión o jurisdicción como elemento de entrada Asamblea del Colegio de Médicos de la Provincia de Gerona (
Número del congreso/reunión o número de parte o sección 15ª.
Fecha del congreso o de la firma del tratado 1912.
Sede del congreso/Lugar de la reunión Perelada)
9 (RLIN) 16
852 ## - LOCALIZACIÓN
Ubicación ES-MaACL
Número de control de estantería T-1362-F-4
Holdings
Estatus retirado Estado de pérdida Estado de daño No para préstamo Colección Biblioteca de origen Biblioteca actual Ubicación en estantería Fecha de adquisición Fuente de adquisición Total de préstamos Signatura topográfica completa Código de barras Visto por última vez Precio de reemplazo Tipo de ítem Koha
        Colección de folletos Biblioteca del Ateneo de Madrid Biblioteca del Ateneo de Madrid Depósito folletos 17/01/2008     T-1362-F-4 1066807 23/02/2023 23/02/2023 Folleto